Loading...
| Religion | 0 | 5 | 0 | 1 | 50 | 76 | 104.40 | 0 | 2 | 9.78 | 20.51 |
| Fine Arts - Visual | 0 | 3 | 0 | 1 | 30 | 90 | 101.67 | 0 | 0 | 4.75 | 7.50 |
| Fine Arts - Classical Music | 0 | 3 | 0 | 0 | 30 | 12 | 57.67 | 2 | 2 | 15.30 | 16.80 |
| Social Science | 0 | 3 | 0 | 0 | 30 | 58 | 86.00 | 0 | 1 | 7.21 | 12.73 |
| History - European | 0 | 3 | 1 | 1 | 25 | 76 | 110.00 | 0 | 1 | 3.63 | 11.72 |
| Literature - British | 0 | 2 | 0 | 0 | 20 | 90 | 91.50 | 0 | 0 | 6.53 | 8.18 |
| History - Other | 0 | 2 | 0 | 0 | 20 | 65 | 90.00 | 0 | 0 | 4.33 | 6.36 |
| Other Academic | 0 | 2 | 0 | 0 | 20 | 51 | 57.00 | 0 | 1 | 53.79 | 75.00 |
| History - American | 0 | 1 | 0 | 1 | 10 | 130 | 130.00 | 0 | 0 | 0.00 | 1.65 |
| Science - Other | 0 | 1 | 0 | 0 | 10 | 79 | 79.00 | 0 | 0 | 2.50 | 4.04 |
| Literature - American | 0 | 1 | 0 | 1 | 10 | 140 | 140.00 | 0 | 0 | -0.13 | 0.83 |